000 00306nam a22001337a 4500
008 170406b xxu||||| |||| 00| 0 eng d
020 _a0878935959
041 _aeng
080 _22ND
_a575
100 _a9
101 _aSHM
245 _aINTRODUCTION TO MOLECULAR IMMUNOLOGY
_cNISONOFF, A
942 _2udc
_cBK
999 _c9957
_d9957